000 00685nam a2200289Ia 4500
005 20260324142931.0
008 008 260324s9999 xx 000 0 eng d
020 _a9780203168370
037 _aEBOOK
040 _aCRL
040 _beng
040 _cCRL
041 _2eng
041 _aeng
084 _qCRL
100 _aGöte Hansson
_91213778
245 0 _aTrade, Growth and Development
245 4 _bThe Role of Politics and Institutions
260 _bTaylor and Francis
260 _c1993
365 _a
365 _b300
856 _uhttp://www.taylorfrancis.com/books/9780203168370
942 _cEBOOK
999 _c1818564
_d1818564